Norma Chilena Oficial NCh 9000-2 Of94

Guardat en:
Dades bibliogràfiques
Autor corporatiu: Instituto Nacional de Normalización (Autor), INN (Autor)
Format: Llibre
Idioma:espanyol
Publicat: Santiago Instituto Nacional de Normalización 1994
Edició:1a. ed
Matèries:
Etiquetes: Afegir etiqueta
Sense etiquetes, Sigues el primer a etiquetar aquest registre!

MARC

LEADER 00000nam a2200000 a 4500
001 UCK5810
003 CL-VaPUC
008 050826e19940000CL |||||||||||||||||spa|d
082 0 4 |a 658.4013  |b INS  |2 21 
110 2 |a Instituto Nacional de Normalización  |e author  |9 494781 
710 2 |a INN  |e author  |9 494782 
245 1 0 |a Norma Chilena Oficial NCh 9000-2 Of94 
246 1 0 |a Normas de gestión de calidad y aseguramiento de la calidad - Parte 2: directrices fenéricas para la aplicación de NCh-ISO 9001, NCh-ISO 9002 y NCh-ISO 9003 
250 |a 1a. ed 
300 |a 31 p 
942 |c BK 
945 |d 20050826 00:00:00  |a cmena 
260 |a Santiago  |b Instituto Nacional de Normalización  |c 1994 
650 0 |a Calidad total  |9 259929 
650 0 |a Gestión de calidad  |9 369563 
650 0 |a Planificación estratégica   |9 259735 
650 0 |a Toma de decisiones   |9 257530 
583 |a last modification  |c 20050826 00:00:00  |k Rodrigo Vera 
999 |c 314273  |d 314271